Normal view
MARC view
- الدفاعي،عزيز
Entry Personal Name
001 - CONTROL NUMBER
- control field: 7653
003 - CONTROL NUMBER IDENTIFIER
- control field: JO-AjAnu
005 - DATE AND TIME OF LATEST TRANSACTION
- control field: 20230606071533.0
008 - FIXED-LENGTH DATA ELEMENTS
- fixed length control field: 230606|| aca||aabn | a|a d
040 ## - CATALOGING SOURCE
- Original cataloging agency: JO-AjAnu
- Transcribing agency: JO-AjAnu
100 ## - HEADING--PERSONAL NAME
- Personal name: الدفاعي،عزيز
670 ## - SOURCE DATA FOUND
- Source citation: Work cat.: (JO-AjAnu)3957: الدفاعي،عزيز, author, السوق الاوربية المشتركة:التناقضات والعلاقة مع الكيان الصهوني